000 00564nam a22001937a 4500
005 20251108164649.0
008 250721s1979 xx 000 0 ara d
082 1 4 _a415/احم
100 1 _aقبش، أحمد
245 1 0 _aالكامل في النحو و الصرف و الإعراب /
250 _aط2.، مزيدة ومنقحة
264 1 _aبيروت :
_bدار الجيل،
_c1979.
300 _a370ص
650 1 7 _aاللغة العربية
650 1 7 _aقواعد اللغة
650 1 7 _aعلم الصرف
942 _2ddc
_cBK
999 _c11283
_d11283